[Event "Francisco Cavalcanti"]
[Site "http://www.queenalice.com/game.php?id=1858113"]
[Date "2025.6.3"]
[Round "-"]
[White "zubarev"]
[Black "bobifixer"]
[Result "1/2-1/2"]
[WhiteElo "1844"]
[BlackElo "1918"]

1. d4 Nf6 2. Nc3 d5 3. Nf3 g6 4. e3 Bg4 5. Be2 Bg7 6. O-O O-O 7. h3 Bxf3 8. Bxf3
c6 9. Re1 Nbd7 10. Bd2 e5 11. dxe5 Nxe5 12. Be2 Ne4 13. Nxe4 dxe4 14. Bc3 Qe7
15. a3 Rad8 16. Qc1 c5 17. Rd1 h5 18. Bxe5 Qxe5 19. c3 b6 20. Qc2 Rfe8 21. Bc4
Bf8 22. Rd2 Rxd2 23. Qxd2 Kg7 24. Qd5 Qxd5 25. Bxd5 Re5 26. c4 b5 27. b3 bxc4
28. bxc4 f5 29. Rb1 1/2-1/2

[Event "Let's Play Chess!"]
[Site "http://www.queenalice.com/game.php?id=1858876"]
[Date "2025.6.18"]
[Round "-"]
[White "schalturtjik"]
[Black "bobifixer"]
[Result "1-0"]
[WhiteElo "2160"]
[BlackElo "1967"]

1. c4 Nf6 2. Nc3 c5 3. Nf3 g6 4. d4 cxd4 5. Nxd4 Bg7 6. e4 e5 7. Ndb5 O-O 8. Nd6
Nc6 9. Be3 a6 10. Bc5 Qa5 11. Ba3 Rd8 12. Qa4 Qc7 13. c5 b5 14. Ncxb5 Qb8 15.
Nc3 Nd4 16. Bc4 Rf8 17. O-O Bb7 18. Nd5 Bc6 19. Ne7+ Kh8 20. Nxc6 dxc6 21. Nxf7+
Rxf7 22. Bxf7 Nxe4 23. Rfe1 Ng5 24. Bc4 Qf8 25. Be2 Qf6 26. f3 Nxe2+ 27. Rxe2
Ne6 28. Qxc6 Ra7 29. Rae1 Qf5 30. Qb6 Rd7 31. c6 Rc7 32. Bd6 Rc8 33. Qxa6 Nd4
34. Rxe5 Bxe5 35. Bxe5+ Kg8 36. Bxd4 h5 37. Qb7 Rd8 38. Qg7# 1-0

[Event "Let's Play Chess!"]
[Site "http://www.queenalice.com/game.php?id=1859183"]
[Date "2025.7.2"]
[Round "-"]
[White "Charles56"]
[Black "bobifixer"]
[Result "0-1"]
[WhiteElo "1869"]
[BlackElo "1952"]

1. Nf3 Nf6 2. d4 d5 3. h3 g6 4. Bg5 Bg7 5. e3 O-O 6. Bd3 b6 7. g4 Bb7 8. Ne5 Ne4
9. Bf4 Nd7 10. f3 Nd6 11. Nxd7 Qxd7 12. h4 Rfe8 13. h5 e5 14. dxe5 Nc8 15. hxg6
fxg6 16. Qe2 Bxe5 17. Bh6 Bg7 18. g5 Nd6 19. Nd2 Nf5 20. Bxf5 Qxf5 21. O-O-O d4
22. Qc4+ Qd5 23. e4 Qxc4 24. Nxc4 Rad8 25. Bxg7 Kxg7 26. Rhf1 Ba6 27. b3 Bxc4
28. bxc4 Re5 29. c3 d3 30. Rg1 Rc5 31. Kd2 Rxc4 32. Rgf1 Ra4 33. Ra1 Ra5 34. a4
Rxg5 35. f4 Rg2+ 36. Ke3 Re2+ 37. Kf3 Rc2 38. Ra3 d2 39. Rd1 Rd3+ 40. Ke2 Rh3
0-1

[Event "Let's Play Chess!"]
[Site "http://www.queenalice.com/game.php?id=1859722"]
[Date "2025.7.10"]
[Round "-"]
[White "bobifixer"]
[Black "igor12345"]
[Result "1-0"]
[WhiteElo "1975"]
[BlackElo "1908"]

1. c4 e5 2. Nc3 Nf6 3. d3 d5 4. cxd5 Nxd5 5. Nf3 Nc6 6. g3 Bg4 7. Bg2 Bb4 8. Bd2
O-O 9. O-O Nxc3 10. Bxc3 Bd6 11. Rc1 Rb8 12. a3 Qd7 13. b4 a6 14. Bb2 Bh3 15.
Qc2 Bxg2 16. Kxg2 h6 17. Nd2 Nd4 18. Bxd4 exd4 19. Ne4 Rbc8 20. Nc5 Qb5 21. Qc4
Qc6+ 22. Kg1 Bxc5 23. Qxc5 Qxc5 24. Rxc5 c6 25. Rfc1 Rfe8 26. R1c2 Rcd8 27. a4
Kf8 28. b5 axb5 29. axb5 cxb5 30. Rxb5 Rd7 31. Rcb2 Ree7 32. h4 g6 33. Kg2 Kg7
34. Kf3 f6 35. Ra5 Re5 36. Ra7 Ree7 37. Rb4 f5 38. Raa4 g5 39. hxg5 hxg5 40.
Rxd4 1-0

[Event "RodrigoBraz-p8k"]
[Site "http://www.queenalice.com/game.php?id=1860246"]
[Date "2025.7.31"]
[Round "-"]
[White "bobifixer"]
[Black "zubarev"]
[Result "1-0"]
[WhiteElo "1948"]
[BlackElo "1640"]

1. Nf3 Nf6 2. d4 e6 3. Bg5 Be7 4. c4 O-O 5. g3 d6 6. Bg2 h6 7. Bxf6 Bxf6 8. Nc3
Nd7 9. e4 e5 10. dxe5 Nxe5 11. Nxe5 1-0

[Event "Rock Blues "]
[Site "http://www.queenalice.com/game.php?id=1860658"]
[Date "2025.7.27"]
[Round "-"]
[White "bobifixer"]
[Black "okiwiz"]
[Result "1-0"]
[WhiteElo "1995"]
[BlackElo "1764"]

1. Nf3 d5 2. d4 Bg4 3. g3 Nf6 4. Bg2 e6 5. Bg5 Be7 6. Bxf6 Bxf6 7. O-O O-O 8. c3
Nd7 9. Nbd2 Qe7 10. e4 Bg5 11. Qc2 c6 12. Nxg5 Qxg5 13. exd5 exd5 14. Nf3 Qf6
15. Nd2 Rfe8 16. Rfe1 Re6 17. Nf1 Rae8 18. Rxe6 Rxe6 19. Ne3 Bh5 20. Bh3 Re7 21.
b4 Bg6 22. Qd2 Nf8 23. a4 Ne6 24. Ng4 Qf3 25. Ne5 Qh5 26. Nxg6 fxg6 27. Bxe6+
Rxe6 28. Re1 Rf6 29. Qe3 Qf5 30. Qe8+ Rf8 31. Qe6+ Kh8 32. Qxf5 gxf5 33. Re7 Rb8
34. Kg2 Kg8 35. Kf3 Kf8 36. Rc7 h6 37. Kf4 g6 38. Ke5 Kg8 39. Kf6 Kh8 40. Kxg6
Rg8+ 41. Kxf5 Rf8+ 42. Kg6 Rg8+ 43. Kxh6 Rb8 44. f4 Re8 45. Rxb7 Re6+ 46. Kg5
Re3 47. Kg6 Re8 48. Rxa7 Rg8+ 49. Kf6 Rf8+ 50. Ke6 Re8+ 51. Kd6 Rd8+ 52. Kxc6
Kg8 53. a5 Kf8 54. Rd7 Rc8+ 55. Rc7 Rd8 56. a6 Ke8 57. a7 Ra8 58. Kb7 Kd8 59.
Rh7 Rxa7+ 60. Kxa7 Ke8 61. b5 Kf8 62. b6 Kg8 63. Rc7 Kf8 64. b7 Ke8 65. b8=Q#
1-0

[Event "Let's Play Chess!"]
[Site "http://www.queenalice.com/game.php?id=1860904"]
[Date "2025.7.31"]
[Round "-"]
[White "bobifixer"]
[Black "schalturtjik"]
[Result "1-0"]
[WhiteElo "1963"]
[BlackElo "2164"]

1. d4 Nf6 2. c4 e6 3. Bg5 h6 4. Bxf6 Qxf6 5. Nf3 Bb4+ 6. Nbd2 Nc6 7. e3 O-O 8.
Bd3 b6 9. O-O Rd8 10. a3 Bf8 11. b4 d5 12. cxd5 exd5 13. Rc1 Qd6 14. Nb3 Bg4 15.
h3 Be6 16. Qc2 Bd7 17. b5 Na5 18. Nxa5 bxa5 19. a4 Qa3 20. Ne5 Be8 21. Bh7+ Kh8
22. Bf5 f6 23. Ng6+ Bxg6 24. Bxg6 Rd7 25. Ra1 Qd6 26. Rac1 a6 27. bxa6 Rxa6 28.
Be8 Rd8 29. Bb5 Ra7 30. Qf5 Qe7 31. Qg6 Qe5 32. dxe5 1-0

[Event "Escacs 180"]
[Site "http://www.queenalice.com/game.php?id=1860972"]
[Date "2025.8.3"]
[Round "-"]
[White "alterego"]
[Black "bobifixer"]
[Result "0-1"]
[WhiteElo "1576"]
[BlackElo "1965"]

1. d4 Nf6 2. c4 e6 3. g3 d5 4. c5 Be7 5. Bg2 O-O 6. Nf3 h6 7. b4 c6 8. O-O Nbd7
9. Bf4 Ne4 10. Nbd2 Nxd2 11. Qxd2 Nf6 12. a3 Ne4 13. Qd3 b6 14. Ne5 Qe8 15. f3
Nf6 16. e4 bxc5 17. dxc5 a5 18. Nxc6 Qxc6 19. exd5 Nxd5 20. Be5 Ba6 21. Qd4 Bxf1
22. Rxf1 f6 23. Bd6 Bxd6 24. f4 Bc7 25. Re1 axb4 26. axb4 Rfe8 27. Bf3 Qd7 28.
Kg2 Nxf4+ 0-1

[Event "Let's Play Chess!"]
[Site "http://www.queenalice.com/game.php?id=1861606"]
[Date "2025.8.14"]
[Round "-"]
[White "Olavio"]
[Black "bobifixer"]
[Result "1-0"]
[WhiteElo "2099"]
[BlackElo "1987"]

1. e4 c5 2. Nf3 d6 3. Bc4 e6 4. O-O Nf6 5. Re1 Be7 6. e5 dxe5 7. Nxe5 O-O 8. c3
a6 9. Bf1 b5 10. Qf3 Ra7 11. a3 Bb7 12. Qh3 Nc6 13. Bd3 Nxe5 14. Rxe5 g6 15. Bc2
c4 16. d4 Bd6 17. Bg5 Be7 18. Nd2 Nd5 19. Bxe7 Qxe7 20. Nf3 Nf4 21. Qh6 Bxf3 22.
Qxf4 Bd5 23. Rae1 Qd8 24. h4 1-0

[Event "Aerosmith "]
[Site "http://www.queenalice.com/game.php?id=1861620"]
[Date "2025.8.14"]
[Round "-"]
[White "bobifixer"]
[Black "Mlintz"]
[Result "1-0"]
[WhiteElo "1982"]
[BlackElo "1921"]

1. d4 e6 2. c4 b6 3. Nf3 Nf6 4. Bg5 Be7 5. g3 Bb7 6. Bg2 Ne4 7. Bxe7 Qxe7 8. O-O
Nf6 9. Nc3 O-O 10. Ne5 Bxg2 11. Kxg2 d6 12. Nd3 Nc6 13. e3 Qd7 14. Rc1 a5 15.
Nb5 d5 16. a4 Rfe8 17. c5 Nb4 18. cxb6 Nxd3 19. Rxc7 Nxb2 20. Qa1 Qd8 21. Qxb2
Ne4 22. Rfc1 Nd6 23. Nxd6 Qxd6 24. R1c6 Qd8 25. b7 Rb8 26. Qb6 e5 27. Rd6 Qg5
28. Rxd5 Qf5 29. Rxe5 Qf6 30. Rxe8+ 1-0

[Event "Let's Play Chess!"]
[Site "http://www.queenalice.com/game.php?id=1862259"]
[Date "2025.8.31"]
[Round "-"]
[White "bobifixer"]
[Black "Mlintz"]
[Result "1/2-1/2"]
[WhiteElo "2000"]
[BlackElo "1919"]

1. Nf3 d5 2. d4 Nc6 3. Nc3 Nf6 4. g3 e6 5. Bg5 Be7 6. Bg2 Ne4 7. Bxe7 Nxc3 8.
Bxd8 Nxd1 9. Rxd1 Nxd8 10. O-O f6 11. Rfe1 O-O 12. e4 dxe4 13. Rxe4 Nc6 14. c3
b5 15. Re3 Rb8 16. b4 Ne7 17. Rde1 Ng6 18. Bh3 f5 19. Ng5 f4 20. gxf4 Nxf4 21.
Bxe6+ Nxe6 22. Nxe6 Rf7 23. Nc5 Kf8 24. Ne6+ Bxe6 25. Rxe6 g6 26. Ra6 Rb7 27.
Ree6 Rb6 28. Raxb6 axb6 29. Re5 Rf5 30. Re6 Kg8 31. Re7 Rf7 32. Re8+ Rf8 33. Re7
Rf7 34. Re8+ Rf8 1/2-1/2

[Event "Escacs 189"]
[Site "http://www.queenalice.com/game.php?id=1862735"]
[Date "2025.9.9"]
[Round "-"]
[White "bobifixer"]
[Black "alterego"]
[Result "1-0"]
[WhiteElo "1996"]
[BlackElo "1629"]

1. c4 g6 2. d4 Bg7 3. Nf3 a6 4. g3 Nf6 5. Bg2 c6 6. Nc3 b5 7. cxb5 cxb5 8. O-O
Nc6 9. Ne5 Ra7 10. Nxc6 dxc6 11. e4 O-O 12. Be3 Rd7 13. Qb3 Rd6 14. e5 Be6 15.
Qd1 Bc4 16. exd6 exd6 17. Re1 d5 18. b3 Ne4 19. Nxe4 dxe4 20. bxc4 Qc7 21. cxb5
cxb5 22. Bxe4 f5 23. Bd5+ Kh8 24. Rc1 Qd6 25. Bb3 Bf6 26. d5 Bb2 27. Rc6 Qb4 28.
d6 Bf6 29. d7 Bd8 30. Bc5 Qc3 31. Bd4+ 1-0

[Event "Let's Play Chess!"]
[Site "http://www.queenalice.com/game.php?id=1863529"]
[Date "2025.9.29"]
[Round "-"]
[White "Charles56"]
[Black "bobifixer"]
[Result "0-1"]
[WhiteElo "1788"]
[BlackElo "1977"]

1. e4 c5 2. Nc3 d6 3. b3 Nf6 4. Bb5+ Bd7 5. Bxd7+ Nbxd7 6. d3 g6 7. Be3 Bg7 8.
Qe2 a6 9. Nh3 b5 10. O-O O-O 11. f4 b4 12. Na4 Nxe4 13. dxe4 Bxa1 14. Rxa1 e6
15. Rd1 Qc7 16. f5 exf5 17. exf5 Ne5 18. fxg6 hxg6 19. Bf4 Rfe8 20. Bh6 Qe7 21.
Rf1 Qh4 22. Bg5 Qd4+ 23. Kh1 Kg7 24. Rd1 Qg4 25. Qxg4 Nxg4 26. Nb6 Rab8 27. Nd5
Re2 28. c4 Rbe8 29. Ng1 Nf2# 0-1

[Event "Let's Play Chess!"]
[Site "http://www.queenalice.com/game.php?id=1863530"]
[Date "2025.9.29"]
[Round "-"]
[White "bobifixer"]
[Black "Charles56"]
[Result "0-1"]
[WhiteElo "2002"]
[BlackElo "1779"]

1. d4 d5 2. Nf3 h6 3. g3 Nc6 4. Bg2 Nf6 5. O-O b6 6. b3 Bf5 7. c3 e6 8. Bf4 Bd6
9. Bxd6 Qxd6 10. Nbd2 h5 11. h4 O-O-O 12. Ng5 Bg6 13. e4 dxe4 14. Ndxe4 Bxe4 15.
Bxe4 Nxe4 16. Nxe4 Qe7 17. Qf3 f5 18. Ng5 Qd7 19. Rfe1 g6 20. Rxe6 Rde8 0-1